The Ending of The Great Gatsby Quiz Stats

 Plays Quiz Updated Aug 7, 2018

Also try: The Great Gatsby
Challenge
Share
Tweet
Embed
Score 0/139 Timer 10:00
0 Plays Today
Word % Correct
the
96.4%
the
96.4%
the
96.4%
the
96.4%
the
96.4%
the
96.4%
the
96.4%
the
96.4%
the
96.4%
the
96.4%
the
96.4%
a
96.1%
And
83.2%
and
83.2%
And
83.2%
we
82.2%
we
82.2%
I
80.1%
I
80.1%
Gatsby
78.9%
in
77.5%
in
77.5%
on
77.4%
on
77.4%
on,
77.4%
to
75.5%
to
75.5%
so
71.5%
So
71.5%
he
70.1%
He
70.1%
he
70.1%
He
70.1%
of
62.6%
of
62.6%
of
62.6%
it.
59.9%
it
59.9%
It
59.9%
was
59.4%
no
59.1%
light
57.8%
light,
57.8%
that
56.3%
that
56.3%
that
56.3%
that
56.3%
Word % Correct
into
55.4%
against
54.9%
green
54.7%
green
54.7%
when
53.6%
past.
53%
boats
53%
beat
52.6%
then,
52.6%
end
52.4%
current,
52.2%
back
51.9%
back
51.9%
ceaselessly
48.1%
not
47.4%
his
46.6%
as
45.6%
borne
44.8%
there,
44.7%
at
44.6%
could
43.7%
will
43.6%
our
43%
one
43%
but
42.9%
out
42.3%
out
42.3%
him,
41.9%
did
41.8%
had
41.3%
us.
40.2%
us
40.2%
by
39.3%
have
39.2%
where
38.8%
know
38.6%
dock.
38.1%
this
37.1%
thought
36.5%
night.
34.5%
future
34.3%
way
33.9%
believed
33.9%
sat
33.3%
dream
31.9%
run
30.9%
long
30.8%
Word % Correct
world,
30.8%
year
30.6%
year
30.6%
before
30.4%
morning----
30.3%
orgastic
30.2%
Daisy's
30.1%
old
30%
arms
29.7%
fine
29.7%
come
29.6%
stretch
29.3%
faster,
28.4%
farther....
28.3%
matter---
27.5%
first
27.4%
to-morrow
27.2%
must
26.9%
that's
26.5%
close
25.7%
Gatsby's
25.3%
recedes
25%
seemed
24.4%
eluded
24.3%
wonder
24.2%
blue
24.2%
behind
24.1%
grasp
24%
already
23.5%
fail
23.2%
dark
23%
picked
22.7%
hardly
22.6%
under
22.5%
brooding
21.9%
lawn
21.7%
city,
21.5%
unknown
19.5%
republic
18.8%
somewhere
18.5%
vast
18.3%
beyond
17.4%
fields
16.9%
obscurity
16.7%
rolled
16.6%

You're not logged in!

Compare scores with friends on all Sporcle quizzes.
OR
Log In

You Might Also Like...

Show Comments

Extras

Top Quizzes Today


Score Distribution

Your Account Isn't Verified!

In order to create a playlist on Sporcle, you need to verify the email address you used during registration. Go to your Sporcle Settings to finish the process.

Report this User

Report this user for behavior that violates our Community Guidelines.

Details: